00936nam a2200181 a 450000100100000000500170001000800410002702000150006824502010008326001250028430000210040950400730043071000540050383000620055795201050061999900170072404000130074100003729420200930080254.0120321s1981 sp 000 0 spa d a840004803203aLa calidad de la educación :bexigencias científicas y condicionamientos individuales y sociales : [ponencias de un seminario] / [organizado por la] Escuela Asturiana de Estudios Hispánicos. aMadrid :bConsejo Superior de Investigaciones Científicas :bInstituto de Pedagogía "San José de Calasanz",c1981. a244 p. ;c24 cm. aIncluye referencias bibliográficas y notas al pie de las páginas2 aEscuela Asturiana de Estudios Hispánicos963733 0aConsejo Superior de Investigaciones Científicas,963734 001050718MOaGRbGRcCTd2012-03-21iLF1l0o p37294-10r2020-06-25w2020-06-25y1ZNo se presta c36784d36784 aDO-SdBNP